Statistics for Playable Characters in Fire Emblem: The Blazing Blade

Click here to take the quiz!

General Stats

  • This quiz has been taken 580 times
    (228 since last reset)
  • The average score is 35 of 44

Answer Stats

Answer% Correct
Eliwood
99%
Lyn
99%
Hector
96%
Kent
93%
Sain
92%
Florina
91%
Matthew
91%
Rebecca
90%
Serra
90%
Erk
89%
Dorcas
87%
Pent
87%
Wil
86%
Bartre
85%
Marcus
85%
Louise
82%
Lucius
82%
Ninian
82%
Nils
81%
Rath
81%
Raven
80%
Hawkeye
78%
Lowen
78%
Athos
77%
Karel
77%
Priscilla
77%
Farina
76%
Jaffar
76%
Canas
75%
Fiora
75%
Guy
75%
Nino
75%
Oswin
75%
Wallace
74%
Dart
72%
Heath
69%
Karla
68%
Legault
64%
Harken
63%
Isadora
63%
Renault
60%
Vaida
58%
Geitz
57%
Merlinus
57%

Score Distribution

Percentile by Number Answered

Percent of People with Each Score

Your Score History

You have not taken this quiz since the last reset